Random Knowledge Quiz #9 - Statistics

General Stats
  • This quiz has been taken 264 times
  • The average score is 6 of 15
Answer Stats
Question Answer % Correct
How old is Harry Potter when he first appears in the books? 1
90%
What card game is played in the Casino Royale movie? Texas Hold'em poker
77%
Name one of the three cities where the first Pride Marches were held on June 28, 1970. New York, Los Angeles, Chicago
63%
In the song, hakuna matata means...? No worries
56%
What was the largest empire in world history? The British Empire
53%
What is the only muscle in the human body that is only attached from one end? Tongue
50%
Affogato is a coffee based dessert with espresso and...? Ice cream
46%
In English, what's the first number to contain the letter A? Thousand
45%
What breed is the Simpson's family dog? Greyhound
39%
What is a single strand of spaghetti called? Spaghetto
33%
Which company was the first to use the word 'period' on TV in reference to menstruation? Tampax
21%
The chainsaw was originally invented as a tool to aid what? Childbirth
16%
Which airline is generally recognized to be the oldest airline still in service? KLM
12%
What does H&M stand for? Hennes & Mauritz
8%
Where was the world's first animated feature film made? Argentina
2%
No matching quizzes found
Score Distribution
Percent of People with Each Score
Percentile by Number Answered
Your Score History
You have not taken this quiz